| 000 | 01193cam a2200301 4500 | ||
|---|---|---|---|
| 001 | ##L134603 | ||
| 002 | ##10138 | ||
| 008 | 060818n2007 000 0 eng u | ||
| 020 | _a0415393841 | ||
| 035 | _a(Sirsi) u134603 | ||
| 041 | 0 | _aeng | |
| 050 | 0 | 4 | _a712.3 $2 18 |
| 245 | 0 | 0 | _aSpon's external works and landscape price book 2007 |
| 250 | _a26th ed. | ||
| 260 |
_aAbingdon _bTaylor and Francis _c2007 |
||
| 300 | _axxvi, 406p. $2 5cm. | ||
| 350 | _a95 | ||
| 520 | _aProvides a comprehensive source of information for detailed landscape and external works costs, covering all the items to be found in hard and soft landscape contracts. Contents include: cost information; preliminaries; fees for professional services; prices for measured works; approximate estimates; and tables and memoranda. | ||
| 520 | _aSupersedes 24th edition (ISBN 0415348447) | ||
| 520 | _aSuperseded by 27th edition (ISBN 9780415424448). | ||
| 590 | _aIKA031006 | ||
| 650 | 2 | 4 | _aSPONS PRICE BOOKS |
| 651 | 4 |
_aUnited Kingdom _y |
|
| 690 | _aBUILT ENVIRONMENT-BUILDING COSTS | ||
| 710 | 2 |
_aDavis Langdon _eEditor _94649 |
|
| 710 | 2 |
_aLandPro Ltd Landscape Chartered Surveyors _94654 |
|
| 942 | _n0 | ||
| 999 |
_c105740 _d105740 |
||